| 000 | 00624nam a2200217 a 4500 | ||
|---|---|---|---|
| 001 | BRCA_7437 | ||
| 005 | 20190320205833.0 | ||
| 008 | 110413s1939----nyua######---#000-0#eng-# | ||
| 041 | _aeng | ||
| 044 | _anyu | ||
| 050 | 4 |
_aRA781 _b.O64 1939 |
|
| 100 | 1 |
_aO´Neill, Robert J. _918321 |
|
| 245 | 1 | 0 |
_aA hundred healthful hints to keep you well _ba modern health course in twelve easy lessons _cby Robert J. O´Neill. |
| 260 |
_aBrooklyn, N.Y. _bAmerican Health Foundation _cc1939 |
||
| 300 |
_a23 p. _bil. |
||
| 500 | _aQ185 | ||
| 650 | 1 | 4 |
_aEjercicio _918322 |
| 650 | 1 | 4 |
_aHigiene _916391 |
| 902 | _aGFM | ||
| 942 |
_2lcc _cB |
||
| 999 |
_c7113 _d7113 |
||